000 00447nmm a2200157Ia 4500
008 251105s9999||||xx |||||||||||||||||und||
041 _aspa
100 _aAsmov, Isaac
245 0 _aLos propios dioses
264 _a[Madrid, España] :
_bLa Factoría de Ideas,
_c2010
300 _a352 páginas
490 _aSolaris ficción
650 _aScience fiction & Fantasy
856 _uhttps://public.digitaliapublishing.com/a/25496
942 _cCF
999 _c100668
_d100668